skbl

Dr Suryya Kumar Bhuyan Library Web-OPAC
ডঃ সূৰ্য্য
কুমাৰ ভূঞা পুথিভঁৰাল ৱেব-অ'পেক

All Research Scholars are advised to clear the annual library fees to continue using Library Resources, Remote Access, Plagiarism Test and Library Clearance.

Cotton University Book Fair 2026

Sahitya saurav (Record no. 63811)

MARC details
000 -LEADER
fixed length control field 00658nam a2200193Ia 4500
001 - CONTROL NUMBER
control field 62704
008 - FIXED-LENGTH DATA ELEMENTS--GENERAL INFORMATION
fixed length control field 180119n ii |||gr||||Z||||||asm
082 ## - DEWEY DECIMAL CLASSIFICATION NUMBER
Classification number 891.4108
110 ## - MAIN ENTRY--CORPORATE NAME
Corporate name or jurisdiction name as entry element Assam Higher Secondary Education Council .
Location of meeting Guwahati
Relator term Publisher.
245 #0 - TITLE STATEMENT
Title Sahitya saurav
Statement of responsibility, etc. Published by Assam Higher Secondary Education Council
Medium Textual Documents
250 ## - EDITION STATEMENT
Edition statement 7th ed.
260 ## - PUBLICATION, DISTRIBUTION, ETC.
Place of publication, distribution, etc. Guwahati:
Name of publisher, distributor, etc. Assam Higher Secondary Education Council .,
Date of publication, distribution, etc. 2017.
300 ## - PHYSICAL DESCRIPTION
Extent 181p:
Dimensions 21cm.
500 ## - GENERAL NOTE
General note A 7th ed Assamese text book for higher secondary first year only
653 ## - INDEX TERM--UNCONTROLLED
Uncontrolled term Assamese
653 ## - INDEX TERM--UNCONTROLLED
Uncontrolled term Assamese text book
653 ## - INDEX TERM--UNCONTROLLED
Uncontrolled term G-Assamese
942 ## - ADDED ENTRY ELEMENTS (KOHA)
Source of classification or shelving scheme Dewey Decimal Classification
Koha item type Books
Holdings
Withdrawn status Lost status Damaged status Not for loan Collection Home library Current library Shelving location Date acquired Cost, normal purchase price Total checkouts Full call number Barcode Date last seen Copy number Price effective from Koha item type
          Dr. Suryya Kumar Bhuyan Library Dr. Suryya Kumar Bhuyan Library   19/01/2018 60.00   891.4108 Sh N Sa 4161/As. 14/01/2024 1 19/01/2018 Books

Designed and Maintained by Team SKBL
©1901-2026

Powered by Koha